Analytical Chemistry / (Record no. 36199)

MARC details
000 -LEADER
fixed length control field 00456nam a22001697a 4500
005 - DATE AND TIME OF LATEST TRANSACTION
control field 20240724091101.0
008 - FIXED-LENGTH DATA ELEMENTS--GENERAL INFORMATION
fixed length control field 240724b |||||||| |||| 00| 0 eng d
020 ## - INTERNATIONAL STANDARD BOOK NUMBER
ISBN 9788120340770
082 ## - DEWEY DECIMAL CLASSIFICATION NUMBER
Classification number 543
Item number DAS-A
100 ## - MAIN ENTRY--AUTHOR
Author Name Dash Dhruba Charan
245 ## - TITLE STATEMENT
Title Analytical Chemistry /
Statement of responsibility, etc. Dhruba Charan Dash
260 ## - PUBLICATION, DISTRIBUTION, ETC.
Place of Publication india :
Name of publisher, distributor, etc. PHI ;
Date of publication, distribution, etc. 2011
300 ## - PHYSICAL DESCRIPTION
Pages xvi,581p.
500 ## - GENERAL NOTE
General note include index .
650 ## - SUBJECT ADDED ENTRY--TOPICAL TERM
Subject / Department Medical / Chemistry
300 ## - PHYSICAL DESCRIPTION
-- ill;
-- 24 cm.
952 ## - LOCATION AND ITEM INFORMATION (KOHA)
-- 0
-- 0
952 ## - LOCATION AND ITEM INFORMATION (KOHA)
-- 0
-- 0
952 ## - LOCATION AND ITEM INFORMATION (KOHA)
-- 0
-- 0
952 ## - LOCATION AND ITEM INFORMATION (KOHA)
-- 0
-- 0
952 ## - LOCATION AND ITEM INFORMATION (KOHA)
-- 0
-- 0
952 ## - LOCATION AND ITEM INFORMATION (KOHA)
-- 0
-- 0
952 ## - LOCATION AND ITEM INFORMATION (KOHA)
-- 0
-- 0
952 ## - LOCATION AND ITEM INFORMATION (KOHA)
-- 0
-- 0
952 ## - LOCATION AND ITEM INFORMATION (KOHA)
-- 0
-- 0
Holdings
Lost status Damaged status Collection code Permanent Location Current Location Shelving Location Date acquired Full Call Number Accession No./Barcode Date last seen Copy number item type Koha item type
    Medical Superior Information Resource Center (SIRC) Superior University- Main Campus Superior Information Resource Center (SIRC) Superior University- Main Campus Chemistry 07/24/2024 543 DAS-A 2011 11291 07/24/2024 1 BOOK BOOK
    Medical Superior Information Resource Center (SIRC) Superior University- Main Campus Superior Information Resource Center (SIRC) Superior University- Main Campus Chemistry 07/24/2024 543 DAS-A 2011 11292 07/24/2024 2 BOOK BOOK
    Medical Superior Information Resource Center (SIRC) Superior University- Main Campus Superior Information Resource Center (SIRC) Superior University- Main Campus Chemistry 07/24/2024 543 DAS-A 2011 11293 07/24/2024 3 BOOK BOOK
    Medical Superior Information Resource Center (SIRC) Superior University- Main Campus Superior Information Resource Center (SIRC) Superior University- Main Campus Chemistry 07/24/2024 543 DAS-A 2011 11294 07/24/2024 4 BOOK BOOK
    Medical Superior Information Resource Center (SIRC) Superior University- Main Campus Superior Information Resource Center (SIRC) Superior University- Main Campus Chemistry 07/24/2024 543 DAS-A 2011 11295 07/24/2024 5 BOOK BOOK
    Medical Superior Information Resource Center (SIRC) Superior University- Main Campus Superior Information Resource Center (SIRC) Superior University- Main Campus Chemistry 07/24/2024 543 DAS-A 2011 11296 07/24/2024 6 BOOK BOOK
    Medical Superior Information Resource Center (SIRC) Superior University- Main Campus Superior Information Resource Center (SIRC) Superior University- Main Campus Chemistry 07/24/2024 543 DAS-A 2011 11297 07/24/2024 7 BOOK BOOK
    Medical Superior Information Resource Center (SIRC) Superior University- Main Campus Superior Information Resource Center (SIRC) Superior University- Main Campus Chemistry 07/24/2024 543 DAS-A 2011 11299 07/24/2024 8 BOOK BOOK
    Medical Superior Information Resource Center (SIRC) Superior University- Main Campus Superior Information Resource Center (SIRC) Superior University- Main Campus Chemistry 07/24/2024 543 DAS-A 2011 11310 07/24/2024 9 BOOK BOOK

Powered by Koha